Du dépot et du séquestre et des contrats aléatoires

Kaydedildi:
Detaylı Bibliyografya
Yazar: Troplong, M (Yazar)
Materyal Türü: Kitap
Dil:Fransızca
Baskı/Yayın Bilgisi: París Charles Hingray 1845
Seri Bilgileri:Droit Civil Expliqué
Konular:
Etiketler: Etiketle
Etiket eklenmemiş, İlk siz ekleyin!

MARC

LEADER 00000nam a2200000 a 4500
001 UCS1791
003 CL-VaPUC
008 970515e18450000FR |||||||||||||||||fre|d
082 0 4 |a 346.44  |b TRO  |2 21 
100 0 |a Troplong, M  |e author  |9 386582 
245 1 0 |a Du dépot et du séquestre et des contrats aléatoires 
300 |a v 
942 |c BK 
945 |d 19970515 00:00:00  |a paguirre 
260 |a París  |b Charles Hingray  |c 1845 
650 0 |a Derecho civil  |9 255013 
650 0 |a Contratos  |9 255153 
650 0 |a Actos jurídicos  |9 255748 
650 7 |a CONTRATO DE EMBARGO  |2 CL-VaPUC  |9 336546 
650 0 |a Embargo   |9 334099 
651 0 |a Francia  |9 255157 
583 |a last modification  |c 19970515 00:00:00  |k Rodrigo Vera 
490 0 |a Droit Civil Expliqué 
999 |c 259823  |d 259821 
952 |0 0  |1 0  |4 0  |6 346_440000000000000_TRO_1845  |7 0  |8 X  |9 285258  |a BIBDER  |b BIBDER  |d 2019-11-19  |h v.15  |i 1847740  |o 346.44 TRO 1845  |p 1847740  |r 2023-01-25  |w 2019-11-19  |y BK_X  |k DER